| 000 | 00620nam a2200181Ia 4500 | ||
|---|---|---|---|
| 003 | GCL | ||
| 008 | 140319s9999 xx 000 0 ara d | ||
| 040 |
_aGCL / _cGCL |
||
| 082 | 0 | 4 |
_a330.1 _bع ن |
| 100 | 1 | _aعبدالمجيد مزيان | |
| 245 | 1 | 0 |
_aالنظريات الاقتصادية عند ابن خلدون و اسسها من الفكر الاسلامى و الدافع المجتمعى / _cعبدالمجيد مزيان |
| 300 | _a448 ص | ||
| 490 | _a | ||
| 650 | 0 | 4 | _aالاقتصاد الاسلامى |
| 650 | 0 | 4 | _aابن خلدون |
| 650 | 0 | 4 | _aالاجتماع الاقتصادى |
| 942 |
_2ddc _cBK |
||
| 999 |
_c39547 _d39547 |
||